45 Euroopan valtiota ja 45 kaupunkia - Statistics

Yleistilastot
  • Tätä visaa on pelattu 1 666 kertaa
  • Keskiarvotulos 24 / 45
Vastaustilastot
Kaupunki Valtio % Oikein
Saksa Hampuri Saksa
98%
Suomi Rovaniemi Suomi
97%
Monaco Monaco Monaco
92%
Puola Krakova Puola
90%
Vatikaanivaltio Vatikaani Vatikaanivaltio
88%
Ruotsi Uppsala Ruotsi
85%
Espanja Valencia Espanja
84%
Italia Bologna Italia
81%
Itävalta Salzburg Itävalta
81%
Islanti Reykjanesbær Islanti
78%
Venäjä Volgograd Venäjä
76%
Norja Trondheim Norja
75%
Viro Haapsalu Viro
74%
Yhdistynyt kuningaskunta Plymouth Yhdistynyt kuningaskunta
73%
Ranska Le Havre Ranska
70%
Alankomaat Maastricht Alankomaat
68%
Pohjois-Makedonia Skopje Pohjois-Makedonia
66%
Kroatia Split Kroatia
63%
Liettua Kaunas Liettua
62%
Sveitsi Basel Sveitsi
61%
Tanska Roskilde Tanska
58%
Irlanti Limerick Irlanti
55%
Ukraina Lviv Ukraina
55%
Kreikka Kalamata Kreikka
52%
Belgia Liège Belgia
47%
Tšekki Ostrava Tšekki
43%
Slovakia Košice Slovakia
41%
Latvia Daugavpils Latvia
38%
Bulgaria Varna Bulgaria
35%
Portugali Funchal Portugali
35%
Liechtenstein Schellenberg Liechtenstein
33%
Andorra El Serrat Andorra
30%
Slovenia Novo Mesto Slovenia
28%
Luxemburg Esch-sur-Alzette Luxemburg
27%
Moldova Tiraspol Moldova
27%
Serbia Novi Sad Serbia
27%
Unkari Debrecen Unkari
27%
Albania Elbasan Albania
25%
Kosovo Mitrovica Kosovo
25%
Romania Constanța Romania
25%
Bosnia ja Hertsegovina Zenica Bosnia ja Hertsegovina
24%
Valko-Venäjä Vitsebsk Valko-Venäjä
24%
San Marino Montegiardino San Marino
21%
Malta Sliema Malta
20%
Montenegro Pljevlja Montenegro
19%
Ehtoja vastaavia visoja ei löytynyt
Tulosjakauma
Jokaisen tuloksen saaneiden osuus
Persentiili vastausten määrän mukaan
Tuloshistoriasi
Et ole pelannut tätä visaa